Escudos de Equipes da Liga Portugal 25/26 - Statistics

Estatísticas Gerais
  • Esse quiz foi jogado 119 vezes
  • A pontuação média é 14 de 18
Estatísticas das Respostas
Imagem Resposta % Correto
Benfica
96%
Braga
93%
Porto
93%
Sporting
93%
Santa Clara
89%
Rio Ave
87%
Famalicão
84%
Nacional
83%
Vitória de Guimarães
81%
Casa Pia
79%
Arouca
77%
Moreirense
75%
Gil Vicente
73%
Tondela
72%
Estoril Praia
67%
Estrela Amadora
66%
Alverca
55%
AVS SAD
29%
Nenhum quiz correspondente encontrado
Distribuição das Pontuações
Porcentagem de Pessoas com Cada Pontuação
Percentil de Números Respondidos
Sua Pontuação Histórica
Você não jogou esse quiz